000 00369nam a22001337a 4500
020 _a9788123916866
082 _222
_a629.8
100 _aJairath, A. K.
245 _aProblems and solutions of control system with essential theory /
250 _a5 th.
260 _aNew Delhi,
_bCBS Publishers,
_cc2011.
300 _axiii,544 p. ;
_bill. ;
_c24 cm.
942 _2ddc
_cECE
_08
999 _c3626
_d3626